Statistics for Heath Ledger Movies Quiz

Click here to take the quiz!

General Stats

  • This quiz has been taken 1,015 times
  • The average score is 7 of 18

Answer Stats

YearFilm% Correct
2008The Dark Knight
97%
199910 Things I Hate About You
84%
2005Brokeback Mountain
79%
2001A Knight's Tale
73%
2000The Patriot
44%
2009The Imaginarium Of Doctor Parnassus
37%
2005The Brothers Grimm
33%
2005Casanova
31%
2006Candy
30%
2003Ned Kelly
25%
2005Lords Of Dogtown
23%
2001Monster's Ball
23%
2002The Four Feathers
22%
2007I'm Not There.
21%
1999Two Hands
19%
2003The Order
16%
1997Blackrock
11%
1997Paws
11%

Score Distribution

Percentile by Number Answered

Percent of People with Each Score

Your Score History

You have not taken this quiz